النظرية الأمنية الإسرائيلية : (Record no. 5771)
[ view plain ]
| 000 -الفاتح | |
|---|---|
| حقل البيانات ثابتة الطول | 00679nac a22001571u 4500 |
| 008 - عناصر البيانات ثابتة الطول - معلومات عامة | |
| حقل البيانات ثابتة الطول | 090120t2005 ba|||||r|||| 000 0 ara d |
| 020 ## - الرقم الدولى المعيارى للكتب | |
| الرقم الدولى المعيارى للكتاب | 9990109486 |
| 082 ## - رقم تصنيف ديوى العشرى | |
| رقم التصنيف | 355.009569 |
| رقم المادة | ب س ت |
| رقم الطبعة | 22 |
| 245 ## - بيان العنوان | |
| العنوان | النظرية الأمنية الإسرائيلية : |
| بقية العنوان | الثوابت والمتغيرات / |
| بيان المسئوليه,etc | نصرة البستكي. |
| 260 ## - PUBLICATION, DISTRIBUTION, ETC. (IMPRINT) | |
| مكان الناشر او الموزع | المنامة : |
| اسم الناشر او الموزع | مركز البحرين للدراسات والبحوث, 2005 |
| تاريخ النشر أو التوزيع | 2005. |
| 300 ## - الوصف المادى | |
| التعداد | 103ص ; |
| أبعاد الوعاء | 24 سم. |
| 504 ## - تبصرة ببليوجرافية | |
| تبصرة ببليوجرافية,الخ | ببليوجرافية: ص 297-203 |
| 651 ## - المدخل الاضافى بالموضوع - اسم جغرافى | |
| 9 (RLIN) | 14835 |
| الاسم الجغرافي | إسرائيل |
| التقسيم الفرعي العام | التاريخ الحربي |
| 651 ## - المدخل الاضافى بالموضوع - اسم جغرافى | |
| 9 (RLIN) | 14836 |
| الاسم الجغرافي | إسرائيل |
| التقسيم الفرعي العام | السياسة العسكرية |
| 942 ## - عناصر المدخل الإضافي( كوها) | |
| Koha [default] item type | Book - Borrowing |
| سابقة رقم الطلب | 355.009569ب س ت |
| مصدر التصنيف او مخطط الترفيف | Dewey Decimal Classification |
| حالة التراجع | حالة الفقد | مصدر التصنيف او خطة الترفيف | حالة تلف | ليس للاعارة | مجموعات كوها | المكان الدائم | المكان الحالي | موقع الترفيف | تاريخ الاكتساب | Source of acquisition | رقم الاستدعاء | الباركود | Date last seen | نوع الوعاء |
|---|---|---|---|---|---|---|---|---|---|---|---|---|---|---|
| Dewey Decimal Classification | Central Library | Central Library | First floor | 07/11/2005 | Donation | 355.009569 الب | 000007420 | 15/07/2025 | Book - Borrowing |